most expensive cars 2017 - Statistics

General Stats
  • This quiz has been taken 24 times
  • The average score is 7 of 10
Answer Stats
price Answer % Correct
$2.2 million ferrari
94%
$3 million ferrari
94%
$3.3 million lamborghini
94%
$2.9 million bugatti
83%
$2.8 million pagani
67%
$2.59 million mclaren
61%
$3.7 million mclaren
61%
$3 million aston martin
56%
$1.9 million koenigsegg
56%
$3.4 million lykan
11%
No matching quizzes found
Score Distribution
Percent of People with Each Score
Percentile by Number Answered
Your Score History
You have not taken this quiz